Statistics for Name the cooking equipment 1

Click here to take the quiz!

General Stats

  • This quiz has been taken 214 times
  • The average score is 8 of 16

Answer Stats

Answer% Correct
Fork
99%
Spoon
99%
Whisk
92%
Spatula
89%
Bread Knife
77%
Grater
74%
Garlic Press
49%
Knife Sharpener
43%
Paring knife
41%
Masher
35%
Chopping Board
29%
Vegetable Peeler
29%
Oven Gloves
24%
Kitchen Scissors
23%
chef knife
22%
Tongs
22%

Score Distribution

Percentile by Number Answered

Percent of People with Each Score

Your Score History

You have not taken this quiz